Widok standardowy
Widok MARC
Pozycja Personal Name
Liczba rekordów, w których użyto hasła: 1
001 - Numer kontrolny
- control field: 40453
003 - Identyfikator numeru kontrolnego
- control field: NUKAT
005 - Data i czas ostatniej modyfikacji
- control field: 20260424115935.0
008 - Dane kontrolne kodowane (40 znaków)
- fixed length control field: 070508n||a|znnaabn |a aaa |c
010 ## - Numer kontrolny Biblioteki Kongresu
- numer kontrolny LC: n 2007145838
024 7# - OTHER STANDARD IDENTIFIER
- Standard number or code: 29811030
- Source of number or code: viaf
024 7# - OTHER STANDARD IDENTIFIER
- Standard number or code: 0000000109624870
- Source of number or code: isni
024 7# - OTHER STANDARD IDENTIFIER
- Standard number or code: Q480343
- Source of number or code: wikidata
040 ## - Instytucja sporządzająca rekord
- inst. przygot. dane do rek. khw: WA U /67HG
- język haseł przedmiotowych/tezaurus: kaba
- inst. wprow. rek. khw: WA U/HG
- inst. modyf. rek. khw: WA U/HG
046 ## - Special dates
- Birth date: 1974
100 1# - Hasło - nazwa osobowa
- nazwa osobowa w formie ujednoliconej: Ablonczy, Balázs
- daty biograficzne: (1974- ).
670 ## - Źródło informacji
- źródło informacji: Mítoszok, legendák, tévhitek a 20. századi magyar történelemről / szerk. Romsics Ignác. - Budapest, 2005.
- gdzie znaleziono informację: Oprac.
670 ## - Źródło informacji
- źródło informacji: MOKKA